000 01063nam a22002897a 4500
001 5218
003 FISKH
005 20241120091151.0
008 241120b cb ||||| |||| 00| 0 eng d
020 _a9781407110257
040 _aFISKH
_beng
_cFISKH
_dFISKH
082 _a900
100 _aMacDonald, Alan
245 _aQueen Victoria and Her Amusements /
_cby Alan MacDonald
260 _aNew York :
_bScholastic ;
_c2002 .
300 _a176 pages :
_billustrations ;
_c21 cm .
490 _aHorribly Famous
505 _aW
520 _aEverybody knows Victoria married a chap called Albert and wore black clothes - all the time. But did you know that Victoria went on her holidays in disguise, and was best pals with her rude Scottish servant? Everything you ever wanted to know about the woman with the enormous empire!
521 8 _a890
_bLexile
521 8 _aW
_bRaz-Plus
650 _aChildren
_vnon-fiction
650 _ahistory
_vnon-fiction
700 _aGoddard, Clive
_eillustrator
942 _2ddc
_cBK
_n0
999 _c5218
_d5218